000 00645nam a22002297a 4500
003 UA-OsUOA
001 96860
007 ta
008 20130322b un ||||| |||| 00| 0 ukr d
100 _aМашинский С.
090 _a82.09
_bМ38
942 _cBK
040 _aUA-OsUOA
_brus
_cUA-OsUOA
_dUA-OsUOA
245 _aХудожественный мир Гоголя
_bпособие для учителей
300 _a432 с.
955 _a3
041 _arus
080 _a82.09
260 _aМ.
_bПросвещение
_c1979
650 7 _a82 Література. Літературознавство
_2UDC
999 _c383109
_d383109